000 01462nam a22002417a 4500
001 9629
003 FISKH
005 20260126161042.0
008 260126b cb ||||| |||| 00| 0 eng d
020 _a9781250169440
040 _aFISKH
_beng
_cFISKH
_dFISKH
050 _aPS3601 .C525 .C35
082 _a813.6
100 _aAciman, André
245 _aCall me by your name /
_cA Novel By Andre Aciman ; A film by Luca Guadagnino
250 _aThis edition published in 2017
260 _aNew York :
_bPicador,
_c2007
300 _a248 pages :
_c21 cm
520 _aCall Me by Your Name is the story of a sudden and powerful romance that blossoms between an adolescent boy and a summer guest at his parents' house, a cliff-side mansion on the Italian Riviera. Unprepared for the consequences of their attraction, at first each feigns indifference to the other. But during the warm, languorous summer weeks that follow, unrelenting buried currents of obsession and fear, fascination and desire, intensify their passion as they test the charged ground between them. What grows from the depths of their spirits is a romance of scarcely six weeks duration and an experience that marks them for a lifetime. For what the two discover on the Riviera and on a sultry evening in Rome is the one thing both already fear they may never truly find again: total intimacy.
650 _aRomance
_vAmerican literature
_xLGBTQ
942 _2ddc
_cBK
_n0
999 _c9629
_d9629